• 首页
  • 本馆介绍
  • 公告通知
  • 最新文献
  • 馆藏检索
  • 电子资源
  • 读者导购
  • 参考咨询
  • 我的图书馆
  • 登录
  • 详细信息显示
  • 放入我的书架
  • 预约/预借图书
  • 作者相关作品
  • 分类相关作品
  • 丛书相关作品
  • 出版社相关作品

书目信息

  • 表格格式
  • 工作单格式
  • 卡片格式
题名:
变革的力量
    
 
作者: 富兰 , Fullan 著 ;中央教育科学研究所 , 加拿大多伦多国际学院 译
分册:  
出版信息: 北京   教育科学出版社  2000
页数: 298页
开本: 23cm
丛书名:
单 册:
中图分类: G571.11 , G4
科图分类:
主题词: 教育改革--研究--加拿大 , 教育改革 , 教育
电子资源:
ISBN: 7-5041-2092-8
000 01255nam0 2200325 450
001 1557509215
005 20151110120130.21
010    @a7-5041-2092-8@dCNY30.00
100    @a20010418d2000 em y0chiy0110 ea
101 1  @achi@ceng
102    @aCN@b110000
105    @ay z 000yy
200 1  @a变革的力量@9bian ge de li liang@e透视教育改革@f(加)迈克·富兰(Michael Fullan)著@g中央教育科学研究所,加拿大多伦多国际学院译
210    @a北京@c教育科学出版社@d2000
215    @a298页@d23cm
305    @a经泰勒和弗朗西斯出版公司法尔默出版商授权,根据原作英文版翻译
330    @a本书探讨了教育改革在社会各个层面上的非线性的和无序的本质,并从加拿大成功的工商机构和教育系统的研究中得出了关于教育改革的八项基本启示。
510 1  @aChange Forces@eProbing the Depths of Educational Reform@zeng
517 1  @a透视教育改革@9tou shi jiao yu gai ge
606 0  @a教育改革@x研究@y加拿大
606 0  @a教育改革
606 0  @a教育
690    @aG571.11@v5
690    @aG4@v4
701  1 @a富兰@9fu lan@bM.@4著
701  1 @aFullan@bMichael@4著
712 02 @a中央教育科学研究所@9zhong yang jiao yu ke xue yan jiu suo@4译
712 02 @a加拿大多伦多国际学院@9jia na da duo lun duo guo ji xue yuan@4译
801  0 @aCN@bTSSF@c20150205
905    @aZUCC@dG4@eJY594
    
    变革的力量:透视教育改革/(加)迈克·富兰(Michael Fullan)著/中央教育科学研究所,加拿大多伦多国际学院译.-北京:教育科学出版社,2000
    298页;23cm
    
    
    ISBN 7-5041-2092-8:CNY30.00
    本书探讨了教育改革在社会各个层面上的非线性的和无序的本质,并从加拿大成功的工商机构和教育系统的研究中得出了关于教育改革的八项基本启示。
●
相关链接 在E读中查询图书 在五车中查询图书 在当当中查询图书 在豆瓣中查询图书


正题名:变革的力量     索取号:G4/JY594         预约/预借

序号 登录号 条形码 馆藏地/架位号 状态 备注
1 7865932   278659328   学院路分馆/ [索取号:G4/JY594] 在馆    
唐山师范学院图书馆 欢迎您!
大连网信软件有限公司© 版权所有